000 00492nam a22001697a 4500
008 231121b |||||||| |||| 00| 0 eng d
020 _a1292341556
050 _aQA276.4
_b.S53 2021
100 _aSharda, Ramesh
245 _aAnalytics, Data Science, and artificial intelligence :
_bsystems for decision support/
_cRamesh Sharda
250 _a11th ed.
260 _aLondon
_bPearson
_c2021
300 _a831p.
700 _aDelen, Dursun
700 _aTurban, Efraim
942 _2lcc
_cBK
999 _c20402
_d20401